Globální rozměry boje proti kartelům a korupci
Medzinárodný aspekt a širší kontext boja proti kartelom a korupcii z pohľadu advokátov pôsobiacich v medzinárodnej advokátskej kancelárie s anglickými koreňmi.
Salvato in:
| Autore principale: | |
|---|---|
| Natura: | Capitolo di libro |
| Lingua: | ceco |
| Soggetti: | |
| Tags: |
Nessun Tag, puoi essere il primo ad aggiungerne!!
|
MARC
| LEADER | 00000naa a2200000 4500 | ||
|---|---|---|---|
| 001 | 0168397 | ||
| 005 | 20231128125022.7 | ||
| 041 | 0 | |a cze | |
| 044 | |a CZ | ||
| 245 | 1 | 0 | |a Globální rozměry boje proti kartelům a korupci |c Zuzana Valoušková |
| 520 | |a Medzinárodný aspekt a širší kontext boja proti kartelom a korupcii z pohľadu advokátov pôsobiacich v medzinárodnej advokátskej kancelárie s anglickými koreňmi. | ||
| 610 | 2 | 0 | |a korupcia |
| 610 | 2 | 0 | |a kartely |
| 610 | 2 | 0 | |a Veľká Británia |
| 610 | 2 | 0 | |a Česko |
| 610 | 2 | 0 | |a USA |
| 610 | 2 | 0 | |a dohody obchodné |
| 100 | 1 | |a Valoušková, Zuzana | |